[Event "Ohio Congress"]
[Site "Columbus"]
[Date "2016.09.03"]
[Round "3"]
[White "Yuan, Matthew"]
[Black "Wright, William"]
[Result "1/2-1/2"]
[WhiteElo "1900"]
[BlackElo "2286"]
[PlyCount "43"]
[EventDate "2016.09.02"]
[EventType "swiss"]
[EventRounds "7"]
[EventCountry "USA"]
[SourceTitle "EXT 2023"]
[Source "ChessBase"]
[SourceDate "2022.10.05"]
[SourceVersion "1"]
[SourceVersionDate "2022.10.05"]
[SourceQuality "1"]

1. e4 e6 2. d4 d5 3. exd5 exd5 4. Bf4 Be6 5. Nf3 h6 6. Bd3 Nc6 7. c3 Bd6 8. Bg3 Qd7 9. Nbd2 Nge7 10. Qc2 Bxg3 11. hxg3 0-0-0 12. 0-0 g5 13. b4 Rdg8 14. Nb3 h5 15. Nc5 Qd6 16. Nxe6 fxe6 17. b5 Nd8 18. Ne5 g4 19. f4 gxf3 20. Rxf3 Rg5 21. Raf1 h4 22. g4 1/2-1/2